| 000 | 01210cam a22003131 4500 | ||
|---|---|---|---|
| 001 | gs 44000043 | ||
| 003 | DLC | ||
| 005 | 20260227111349.0 | ||
| 008 | 760622s1944 msuabdf b 000 0 eng | ||
| 010 | _ags 44000043 | ||
| 035 | _a(OCoLC)2274049 | ||
| 040 |
_aDLC _cOT _dOCoLC _dDLC |
||
| 042 | _apremarc | ||
| 050 | 0 | 0 |
_aQE129 _b.A2 no. 58 |
| 082 | _a(557.62) 551.49 | ||
| 100 | 1 |
_aBrown, Glen F. _q(Glen Francis), _d1911- |
|
| 245 | 1 | 0 |
_aGeology and ground-water resources of the Camp Shelby area, _cby Glen Francis Brown ... |
| 260 |
_aUniversity, Miss., _c1944. |
||
| 300 |
_a72 p. _bfront. (fold. map) illus., fold. plates, tables (part fold.) _c23 cm. |
||
| 410 | 2 | 0 |
_aMississippi Geological, Economic, and Topographical Survey _tBulletin _v58 |
| 500 | _a"In cooperation with the United States Geological survey and the Mobile United States Engineer office." | ||
| 504 | _a"References": p. 50. | ||
| 650 | 0 |
_aGeology _zMississippi _zForrest County. |
|
| 650 | 0 |
_aGroundwater _zMississippi _zForrest County. |
|
| 650 | 0 |
_aWater-supply _zMississippi _zForrest County. |
|
| 651 | 0 | _aCamp Shelby (Miss.) | |
| 710 | 2 | _aGeological Survey (U.S.) | |
| 710 | 1 |
_aUnited States. _bArmy. _bCorps of Engineers. |
|
| 999 |
_c27956 _d27956 |
||